000 00442nam a2200181Ia 4500
008 170203s9999 xx 000 0 und d
020 _a0-307045927
050 _aFic
050 _b.L778 1983
245 _aMickey's Christmas Carol /
260 _aUSA :
260 _bWestern Publishing Company, Inc
260 _c1983
650 _aChristmas --
650 _aChristmas --
650 _xFiction.
650 _xJuvenile literature.
999 _c306103
_d306103